<?xml version="1.0" encoding="UTF-8"?><marc:collection xmlns:marc="http://www.loc.gov/MARC21/slim">
  <marc:record>
    <marc:leader>00000nam  2200000zi 4500</marc:leader>
    <marc:controlfield tag="001">9.913511</marc:controlfield>
    <marc:controlfield tag="003">CaOODSP</marc:controlfield>
    <marc:controlfield tag="005">20221107182817</marc:controlfield>
    <marc:controlfield tag="006">m     o  d f      </marc:controlfield>
    <marc:controlfield tag="007">cr cn|||||||||</marc:controlfield>
    <marc:controlfield tag="008">220718e202207##onca    o    f000 0 eng d</marc:controlfield>
    <marc:datafield tag="040" ind1=" " ind2=" ">
      <marc:subfield code="a">CaOODSP</marc:subfield>
      <marc:subfield code="b">eng</marc:subfield>
      <marc:subfield code="e">rda</marc:subfield>
      <marc:subfield code="c">CaOODSP</marc:subfield>
    </marc:datafield>
    <marc:datafield tag="043" ind1=" " ind2=" ">
      <marc:subfield code="a">n-cn---</marc:subfield>
    </marc:datafield>
    <marc:datafield tag="086" ind1="1" ind2=" ">
      <marc:subfield code="a">YC32-0/441-4E-PDF</marc:subfield>
    </marc:datafield>
    <marc:datafield tag="110" ind1="1" ind2=" ">
      <marc:subfield code="a">Canada. </marc:subfield>
      <marc:subfield code="b">Parliament. </marc:subfield>
      <marc:subfield code="b">Senate. </marc:subfield>
      <marc:subfield code="b">Standing Committee on Human Rights, </marc:subfield>
      <marc:subfield code="e">author, </marc:subfield>
      <marc:subfield code="e">issuing body.</marc:subfield>
    </marc:datafield>
    <marc:datafield tag="245" ind1="1" ind2="4">
      <marc:subfield code="a">The scars that we carry : </marc:subfield>
      <marc:subfield code="b">forced and coerced sterilization of persons in Canada. </marc:subfield>
      <marc:subfield code="p">Part II / </marc:subfield>
      <marc:subfield code="c">Standing Senate Committee on Human Rights ; the Honourable Salma Ataullahjan, chair, the Honourable Wanda Thomas Bernard, deputy chair.</marc:subfield>
    </marc:datafield>
    <marc:datafield tag="246" ind1="1" ind2="0">
      <marc:subfield code="a">Forced and coerced sterilization of persons in Canada</marc:subfield>
    </marc:datafield>
    <marc:datafield tag="264" ind1=" " ind2="1">
      <marc:subfield code="a">Ottawa, Ontario, Canada : </marc:subfield>
      <marc:subfield code="b">Senate, Canada = Sénat, Canada, </marc:subfield>
      <marc:subfield code="c">July 2022.</marc:subfield>
    </marc:datafield>
    <marc:datafield tag="300" ind1=" " ind2=" ">
      <marc:subfield code="a">1 online resource (45 pages) : </marc:subfield>
      <marc:subfield code="b">illustrations.</marc:subfield>
    </marc:datafield>
    <marc:datafield tag="336" ind1=" " ind2=" ">
      <marc:subfield code="a">text</marc:subfield>
      <marc:subfield code="b">txt</marc:subfield>
      <marc:subfield code="2">rdacontent</marc:subfield>
    </marc:datafield>
    <marc:datafield tag="337" ind1=" " ind2=" ">
      <marc:subfield code="a">computer</marc:subfield>
      <marc:subfield code="b">c</marc:subfield>
      <marc:subfield code="2">rdamedia</marc:subfield>
    </marc:datafield>
    <marc:datafield tag="338" ind1=" " ind2=" ">
      <marc:subfield code="a">online resource</marc:subfield>
      <marc:subfield code="b">cr</marc:subfield>
      <marc:subfield code="2">rdacarrier</marc:subfield>
    </marc:datafield>
    <marc:datafield tag="490" ind1="1" ind2=" ">
      <marc:subfield code="a">Report of the Standing Senate Committee on Human Rights ; </marc:subfield>
      <marc:subfield code="v">[4th report, 44thd Parliament, 1st session]</marc:subfield>
    </marc:datafield>
    <marc:datafield tag="500" ind1=" " ind2=" ">
      <marc:subfield code="a">Cover title.</marc:subfield>
    </marc:datafield>
    <marc:datafield tag="500" ind1=" " ind2=" ">
      <marc:subfield code="a">Issued also in French under title: Les cicatrices que nous portons : la stérilisation forcée et contrainte de personnes au Canada - Partie II.</marc:subfield>
    </marc:datafield>
    <marc:datafield tag="520" ind1=" " ind2=" ">
      <marc:subfield code="a">"Sterilization is a surgical procedure to prevent conception. Forced or coerced sterilization occurs when sterilization is performed without the patient's free, prior and informed consent. Canada has a long history of forced and coerced sterilization. For much of the 20th century, laws and government policies explicitly sought to reduce births in First Nations, Métis and Inuit communities, Black communities, and among people with intersecting vulnerabilities relating to poverty, race and disability. Though these explicit eugenic laws and policies have been repealed, the racist and discriminatory attitudes that gave rise to them are still present in Canadian society, and forced and coerced sterilization still occurs. Beginning in 2019, the Standing Senate Committee on Human Rights (the Committee) undertook a study on the extent and scope of forced and coerced sterilization of persons in Canada, hearing from experts and civil society groups. In 2022, the Committee heard additional testimony on this issue, including from several survivors who courageously shared their stories. The practice of forced and coerced sterilization is not confined to our distant past, and law and policy changes are needed to prevent this horrific practice from being inflicted on others. This report highlights the experiences and perspectives of survivors and outlines solutions that the Committee believes are urgently needed to bring an end to this unacceptable practice"--Executive summary, page 7.</marc:subfield>
    </marc:datafield>
    <marc:datafield tag="650" ind1=" " ind2="0">
      <marc:subfield code="a">Involuntary sterilization</marc:subfield>
      <marc:subfield code="z">Canada.</marc:subfield>
    </marc:datafield>
    <marc:datafield tag="650" ind1=" " ind2="0">
      <marc:subfield code="a">Indigenous women</marc:subfield>
      <marc:subfield code="x">Health and hygiene</marc:subfield>
      <marc:subfield code="z">Canada.</marc:subfield>
    </marc:datafield>
    <marc:datafield tag="650" ind1=" " ind2="0">
      <marc:subfield code="a">Indigenous women</marc:subfield>
      <marc:subfield code="x">Medical care</marc:subfield>
      <marc:subfield code="z">Canada.</marc:subfield>
    </marc:datafield>
    <marc:datafield tag="650" ind1=" " ind2="0">
      <marc:subfield code="a">Reproductive rights</marc:subfield>
      <marc:subfield code="z">Canada.</marc:subfield>
    </marc:datafield>
    <marc:datafield tag="700" ind1="1" ind2=" ">
      <marc:subfield code="a">Ataullahjan, Salma.</marc:subfield>
    </marc:datafield>
    <marc:datafield tag="775" ind1="0" ind2="8">
      <marc:subfield code="t">Les cicatrices que nous portons : </marc:subfield>
      <marc:subfield code="w">(CaOODSP)9.913514</marc:subfield>
    </marc:datafield>
    <marc:datafield tag="795" ind1=" " ind2=" ">
      <marc:subfield code="t">Forced and coerced sterilization of persons in Canada / </marc:subfield>
      <marc:subfield code="b">Part I</marc:subfield>
      <marc:subfield code="w">(CaOODSP)9.900449</marc:subfield>
    </marc:datafield>
    <marc:datafield tag="830" ind1="#" ind2="0">
      <marc:subfield code="a">Report of the Standing Senate Committee on Human Rights ;</marc:subfield>
      <marc:subfield code="v">4th report, 44thd Parliament, 1st session.</marc:subfield>
      <marc:subfield code="w">(CaOODSP)9.505251</marc:subfield>
    </marc:datafield>
    <marc:datafield tag="856" ind1="4" ind2="0">
      <marc:subfield code="q">PDF</marc:subfield>
      <marc:subfield code="s">2.69 MB</marc:subfield>
      <marc:subfield code="u">https://publications.gc.ca/collections/collection_2022/sen/yc32-0/YC32-0-441-4-eng.pdf</marc:subfield>
    </marc:datafield>
  </marc:record>
</marc:collection>
